Educación para la ciudadanía (Record no. 169268)

MARC details
000 -LEADER
campo de control de longitud fija 01153nam a2200325 i 4500
001 - NÚMERO DE CONTROL
campo de control 169268
003 - IDENTIFICADOR DE NÚMERO DE CONTROL
campo de control ES-MaACL
005 - FECHA Y HORA DE LA ÚLTIMA TRANSACCIÓN
campo de control 20250830095445.0
008 - DATOS DE LONGITUD FIJA--INFORMACIÓN GENERAL
campo de control de longitud fija 080827s2007 sp |||| | spa d
017 ## - NÚMERO DE COPYRIGHT O DE DEPÓSITO LEGAL
Número de copyright o de depósito legal M-44.784-2007
020 ## - NÚMERO INTERNACIONAL ESTÁNDAR DEL LIBRO
Número Internacional Estándar del Libro 978-84-460-2613-6
080 ## - NÚMERO DE LA CLASIFICACIÓN DECIMAL UNIVERSAL
Número de la Clasificación Decimal Universal 342.716
080 ## - NÚMERO DE LA CLASIFICACIÓN DECIMAL UNIVERSAL
Número de la Clasificación Decimal Universal 342.2
080 ## - NÚMERO DE LA CLASIFICACIÓN DECIMAL UNIVERSAL
Número de la Clasificación Decimal Universal 330.342.14
100 1# - ENTRADA PRINCIPAL--NOMBRE DE PERSONA
Nombre de persona Fernández Liria, Carlos.
9 (RLIN) 49874
245 10 - MENCIÓN DEL TÍTULO
Título Educación para la ciudadanía
Resto del título : democracia, capitalismo y estado de derecho /
Mención de responsabilidad, etc. Carlos Fernández Liria, Pedro Fernández Liria, Luis Alegre Zahonero ; ilustraciones, Miguel Brieva.
250 ## - MENCION DE EDICION
Mención de edición 2ª ed. corr. y aum.
260 ## - PUBLICACIÓN, DISTRIBUCIÓN, ETC.
Lugar de publicación, distribución, etc. Tres Cantos :
Nombre del editor, distribuidor, etc. Akal,
Fecha de publicación, distribución, etc. 2007.
300 ## - DESCRIPCIÓN FÍSICA
Extensión 247 p. :
Otras características físicas il. ;
Dimensiones 24 cm.
490 1# - MENCIÓN DE SERIE
Mención de serie Akal / Educación para la ciudadanía
650 17 - PUNTO DE ACCESO ADICIONAL DE MATERIA--TÉRMINO DE MATERIA
Término de materia o nombre geográfico como elemento de entrada Educación cívica
Fuente del encabezamiento o término embne
9 (RLIN) 135955
650 17 - PUNTO DE ACCESO ADICIONAL DE MATERIA--TÉRMINO DE MATERIA
Término de materia o nombre geográfico como elemento de entrada Estado de derecho
Fuente del encabezamiento o término embne
9 (RLIN) 12527
650 14 - PUNTO DE ACCESO ADICIONAL DE MATERIA--TÉRMINO DE MATERIA
Término de materia o nombre geográfico como elemento de entrada Capitalismo.
9 (RLIN) 10760
700 1# - ENTRADA AGREGADA--NOMBRE PERSONAL
Nombre de persona Fernández Liria, Pedro.
9 (RLIN) 49875
700 1# - ENTRADA AGREGADA--NOMBRE PERSONAL
Nombre de persona Alegre, Luis.
9 (RLIN) 19666
700 1# - ENTRADA AGREGADA--NOMBRE PERSONAL
Nombre de persona Brieva, Miguel.
9 (RLIN) 138359
830 00 - PUNTO DE ACCESO ADICIONAL DE SERIE-TÍTULO UNIFORME
Título uniforme Akal/Educación para la ciudadanía
9 (RLIN) 222808
852 4# - LOCALIZACIÓN
Ubicación ES-MaACL
Número de control de estantería L-29718
itemnumber R.143221
Holdings
Estatus retirado Estado de pérdida Estado de daño No para préstamo Biblioteca de origen Biblioteca actual Ubicación en estantería Fecha de adquisición Fuente de adquisición Total de préstamos Signatura topográfica completa Código de barras Visto por última vez Precio de reemplazo Tipo de ítem Koha
        Biblioteca del Ateneo de Madrid Biblioteca del Ateneo de Madrid Depósito 2 27/08/2008     L-29718 1177711 23/02/2023 23/02/2023 Libro impreso